000 00308nam a2200145Ia 4500
100 _aKelton/David W/ Sadowski/R.P
250 _a3
942 _cBK
245 _aSimulation with Arena(with CD)
260 _bMcGraw - Hill
_c2003
082 _a3.3
_bKEL
300 _a668
546 _aENGLISH
999 _c24346
_d24346